00514nam a2200169 a 4500008004100000020001800041050001900059100002000078245009700098250001600195260002600211300003100237350001000268650002200278700002100300700002300321190715s2014 ||||||||||||||||| || u a9780273769088 aTK 7881.15 Ras aKumar, Narendra10aPower electronics: devices, circuits, and applications. (4th edition)cBy Muhammad H. Rashid a4th edition aBostonbPearsonc2014 a1022 pages : illustrations a49.98 0aPOWER ELECTRONICS aKulkarni, Ashish aRashid, Muhammad H